000 00572nam a2200217Ia 4500
003 OSt
005 20220926043810.0
006 a|||||r|||| 00| 0
007 ta
008 220923b |||||||| |||| 00| 0 eng d
037 _cGeneral Book
040 _aRTL
_cRTL
_beng
041 _2eng
_aeng
082 _aY7671:1aN7, J8
100 _aCoult Lyman
_9348238
245 0 _aAnnotated bibliography of the Egyptian Fellah
260 _c1958
650 _aAfrican Society
942 _hY7671:1aN7, J8
_cGB
_2CC
999 _c673216
_d673216